Baby Keem Discography - Statistics

General Stats
  • This quiz has been taken 26 times
  • The average score is 33 of 69
Answer Stats
Hint Answer % Correct
The Melodic Blue family ties
93%
The Melodic Blue 16
80%
Ca$ino Birds & the Bees
80%
Ca$ino Dramatic Girl
80%
DIE FOR MY BITCH ORANGE SODA
80%
The Melodic Blue trademark usa
80%
Ca$ino Ca$ino
73%
The Melodic Blue highway 95
73%
Hearts and Darts Baby Keem
67%
The Sound of Bad Habit Baby Keem
67%
Ca$ino Highway 95 pt.2
67%
Ca$ino House Money
67%
Ca$ino I am not a Lyricist
67%
Ca$ino No Blame
67%
Ca$ino No Security
67%
The Melodic Blue pink panties
67%
The Melodic Blue range brothers
67%
The Melodic Blue south africa
67%
DIE FOR MY BITCH STATS
67%
The Melodic Blue vent
67%
Ca$ino $ex Appeal
60%
The Melodic Blue first order of business
60%
Ca$ino Good Flirts
60%
DIE FOR MY BITCH HONEST
60%
The Melodic Blue scapegoats
60%
The Melodic Blue bank account
53%
The Melodic Blue booman
53%
Ca$ino Circus Circus Free$tyle
53%
The Melodic Blue durag activity
53%
DIE FOR MY BITCH FRANCE FREESTYLE
53%
The Melodic Blue issues
53%
The Melodic Blue lost souls
53%
The Melodic Blue scars
53%
The Melodic Blue cocoa
47%
Hearts and Darts Fortnite
47%
The Melodic Blue gorgeous
47%
The Melodic Blue hooligan
47%
The Sound of Bad Habit Miss Charlotte
47%
The Melodic Blue no sense
47%
The Melodic Blue killstreaks
40%
Hearts and Darts Leverage
40%
DIE FOR MY BITCH MOSHPIT
40%
The Melodic Blue naked freestyle
40%
The Melodic Blue patience interlude
40%
DIE FOR MY BITCH TOP RAMEN
40%
The Melodic Blue a life of pain
33%
The Melodic Blue fine china
33%
DIE FOR MY BITCH MY EX
33%
The Sound of Bad Habit Opinions
33%
The Sound of Bad Habit Register
33%
The Sound of Bad Habit So What
33%
The Sound of Bad Habit Wolves
33%
The Sound of Bad Habit Xmen
33%
DIE FOR MY BITCH APOLOGIZE
27%
The Sound of Bad Habit Check Please
27%
DIE FOR MY BITCH INVENTED IT
27%
The Melodic Blue lost souls (remix)
27%
DIE FOR MY BITCH NOT MY BRO
27%
DIE FOR MY BITCH ROCKSTAR P
27%
DIE FOR MY BITCH SLICE INTERLUDE
27%
Hearts and Darts Vicious
27%
The Sound of Bad Habit A New Day
20%
DIE FOR MY BITCH BUSS HER UP
20%
The Sound of Bad Habit Extra
20%
Hearts and Darts Half
20%
The Sound of Bad Habit Monsters Dot Com
20%
DIE FOR MY BITCH BULLIES
13%
The Sound of Bad Habit Gang Activites
13%
Hearts and Darts Locked In
13%
No matching quizzes found
Score Distribution
Percent of People with Each Score
Percentile by Number Answered
Your Score History
You have not taken this quiz